Discurso a los trabajadores : Una crítica de la República, una doctrina socialista, un programa de acción /
Guardado en:
| Autor Principal: | |
|---|---|
| Otros Autores: | |
| Formato: | Libro |
| Idioma: | Undetermined |
| Publicado: |
Madrid :
Gráfica Socialista,
1934.
|
| Materias: | |
| Etiquetas: |
Agregar Etiqueta
Sin Etiquetas, Sea el primero en etiquetar este registro!
|
| LEADER | 00663nam a22001695a 4500 | ||
|---|---|---|---|
| 001 | EHU.bham047113 | ||
| 005 | 20110609152622.0 | ||
| 008 | 110609s1934####sp############000#0#und#d | ||
| 100 | 1 | |a Largo Caballero, Francisco. | |
| 245 | 0 | 0 | |a Discurso a los trabajadores : |b Una crítica de la República, una doctrina socialista, un programa de acción / |c Francisco Largo Caballero; prólogo de Luis Araquistáin. |
| 260 | |a Madrid : |b Gráfica Socialista, |c 1934. | ||
| 300 | |a 166 p. | ||
| 653 | |a Leyes españolas | ||
| 653 | |a Leyes laborales | ||
| 653 | |a Socialismo | ||
| 700 | 1 | |a Araquistáin, Luis, |e prol. | |
| 859 | |a AR-BHAM |b BIB. HUMANIDADES - Donacion Lejarraga |h MFN001332 |p 001332.19 | ||
